La expansión del cristianismo : un estudio sociológico /

Detalles Bibliográficos
Autor principal: Stark, Rodney (Autor)
Otros Autores: Piñero Sáenz, Antonio (Traductor)
Formato: Electrónico eBook
Lenguaje:español
inglés
Publicado: [Madrid] : Editorial Trotta, [2023]
Colección:Colección Estructuras y procesos. Serie Religión.
Materias:
Acceso en línea:Digitalia Hispánica

MARC

LEADER 00000nam a2200000 i 4500
001 DIGTRO0251
003 NyNyDIG
007 cr |||||||||||
008 240122t20231996sp ob 001 0 spa d
006 m o d
035 |a (OCoLC)1407314683 
040 |a DGITA  |b eng  |e rda  |e pn  |c DGITA 
020 |a 9788413641331  |q (edición digital e-pub) 
020 |z 9788498790689 
041 1 |a spa  |h eng 
050 1 4 |a BR166 ebook 
100 1 |a Stark, Rodney,  |e author. 
240 1 0 |a Rise of Christianity.  |l Spanish  |s (Piñero Sáenz) 
245 1 3 |a La expansión del cristianismo :  |b un estudio sociológico /  |c Rodney Stark ; traducción de Antonio Piñero. 
264 1 |a [Madrid] :  |b Editorial Trotta,  |c [2023] 
264 4 |c ©1996 
300 |a 1 online resource :  |b illustrations. 
336 |a text  |b txt  |2 rdacontent 
337 |a computer  |b c  |2 rdamedia 
338 |a online resource  |b cr  |2 rdacarrier 
347 |a text file  |2 rdaft 
347 |b EPUB 
490 1 |a Colección Estructuras y procesos. Serie Religión 
504 |a Includes bibliographical references and indexes. 
588 0 |a Online resource; title from ePub title page (Digitalia, viewed January 22, 2024) 
650 0 |a Church history  |y Primitive and early church, ca. 30-600. 
650 0 |a Christian sociology  |x History  |y Early church, ca. 30-600. 
700 1 |a Piñero Sáenz, Antonio,  |e translator. 
700 1 |i Translation of:  |a Stark, Rodney.  |t Rise of Christianity. 
791 2 |a Digitalia (Firm),  |e distributor. 
793 0 |g Digitalia eBook Collection:  |a Trotta Editorial 
776 0 8 |i Print version:  |a Stark, Rodney.  |s Rise of Christianity. Spanish (Piñero Sáenz).  |t Expansión del cristianismo.  |d [Madrid] : Editorial Trotta, [2009]  |z 9788498790689 
830 0 |a Colección Estructuras y procesos.  |p Serie Religión. 
856 4 0 |3 Digitalia Hispánica  |u https://www.digitaliapublishing.com/a/131901/ 
910 |a Premium collection: 2024